Регионална библиотека "Любен Каравелов" - Русе

Древните българи в световната история (Запис номер 83324)

MARC детайли
000 -Лидер
Контролно поле с фиксирана дължина 02716nam a2200529 c 4500
003 - Код на организацията, давaща контролен номер
Контролно поле BLK
005 - Дата и час на последна редакция
Контролно поле 20221223155216.0
008 - Елементи от данни с фиксирана дължина
fixed length control field 180408b bul|||||r ||||||| ||bul||
010 ## - Наследен системен номер
LC control number KNG00087871000
020 ## - Международен стандартен номер на книга ISBN
Международен стандартен номер на книга ISBN 978-954-738-151-3
-- издат.: Литера Прима
040 ## - Източник на каталожния запис
Идентификатор на билиотеката - собственик на записа BLK
041 ## - Код за език
Код за езика на текст/звукозапис или на отделно заглавие Български
Код за езика КДБФ Български
080 ## - УДК
Текстов определител УДК Стара и антична история (общо)
УДК код - определител по УДК 931/939
УДК определител (02.062)
УДК - код + определител 931/939(02.062)
080 ## - УДК
Текстов определител УДК Славяни и прабългари. Старо балканско население. Българските земи през V - VІІ век
УДК код - определител по УДК 94(497.2)"05/06"
УДК определител (02.062)
УДК - код + определител 94(497.2)"05/06"(02.062)
080 ## - УДК
Текстов определител УДК Тракийски племена и тракийска държава (V в. пр. н. е. -V в. от н. е. )
УДК код - определител по УДК 94(497.2)"-04/+04"
УДК определител (02.062)
УДК - код + определител 94(497.2)"-04/+04"(02.062)
080 ## - УДК
Текстов определител УДК История на цивилизацията. История на културата
УДК код - определител по УДК 930.85
УДК определител (02.062)
УДК - код + определител 930.85(02.062)
080 ## - УДК
Текстов определител УДК Паметници на културата на историческите периоди. Археологическите паметници. Старини
УДК код - определител по УДК 904
УДК определител (02.062)
УДК - код + определител 904(02.062)
100 1# - Редна дума - Автор
Автор Цонев, Владимир Йорданов
Авторска отговорност първи автор
R(LIN) 371412
139 ## - Редно поле
Редна дума Цонев, Владимир Йорданов
Авторски знак Цонев - Ц 80
245 10 - Сведения за заглавието
Заглавие Древните българи в световната история
Редно поле (дума) Владимир Йорданов Цонев.
257 ## - Страна на издаване
Страна на създаване/издаване България
260 ## - Област на издателските данни
-- София
Име на издателя, разпространителя и проч. Литера Прима
Година на издаване 2008
300 ## - Физическа характеристика
Страници 200 с.
Илюстрации и др. с ил., табл., к.
Размери/Мащаб 20 см
380 ## - Жанр
Жанр История
490 1# - СЕРИИ (Колекции)
Име на серия Поредица Тайни и загадки
№: серия Кн. 124
500 ## - Общи забележки
Забележка Офс. изд.- Съдържа и Древните българи и Вавилонската кула / Богоя Сапунджиев. - Библиогр. с. 195-198.
504 ## - Забележка за наличие на библиография и др
Забележка за наличие на библиография и под. 195-198
650 #4 - Допълнително описание по предмет – тема
Основно описание – тема или топоним Стар свят
9 (RLIN) 284763
650 #4 - Допълнително описание по предмет – тема
Основно описание – тема или топоним Прабългари - история
9 (RLIN) 245374
650 #4 - Допълнително описание по предмет – тема
Основно описание – тема или топоним Цивилизации, древни
9 (RLIN) 280385
650 #4 - Допълнително описание по предмет – тема
Основно описание – тема или топоним Българи - история и култура
9 (RLIN) 250144
650 #4 - Допълнително описание по предмет – тема
Основно описание – тема или топоним Траки - история и култура
9 (RLIN) 266676
650 #4 - Допълнително описание по предмет – тема
Основно описание – тема или топоним Археологични находки
9 (RLIN) 269607
653 ## - Ключова дума – ненормативна
Ключова дума българи
653 ## - Ключова дума – ненормативна
Ключова дума древни цивилизации
653 ## - Ключова дума – ненормативна
Ключова дума прабългари
653 ## - Ключова дума – ненормативна
Ключова дума древни народи
653 ## - Ключова дума – ненормативна
Ключова дума история
653 ## - Ключова дума – ненормативна
Ключова дума траки
653 ## - Ключова дума – ненормативна
Ключова дума българска история
653 ## - Ключова дума – ненормативна
Ключова дума археологични находки
852 ## - Местоположение
Форматна сигнатура Цб 242878
856 4# - Електронен адрес и достъп
Електронен формат pdf - файл
Път до файла /url/
856 4# - Електронен адрес и достъп
Електронен формат pdf - файл
Път до файла /url/
942 ## - АРТИКУЛИ
Вид на библиотечния материал Книги
Скрит в OPAC Не
Koha issues (borrowed), all copies 4
944 ## - СЪЗДАВАНЕ И РЕДАКЦИЯ на ЗАПИСА
Създаване/Редакция Създаване
Дата на регистрацията/редакция 18.02.2009
Статус, дата на статуса ф /
Служител, извършил регистрацията/редакцията Людмила_Стоянова
944 ## - СЪЗДАВАНЕ И РЕДАКЦИЯ на ЗАПИСА
Създаване/Редакция Редакция
Дата на регистрацията/редакция 11.03.2011
Статус, дата на статуса ф /
Служител, извършил регистрацията/редакцията
999 ## - СИСТЕМНИ КОНТРОЛНИ НОМЕРА
Koha biblionumber 83324
Koha biblioitemnumber 83324
Наличности
Код за отписване Код за изгубен артикул Източник на класификационната схема Код за повреда Коз за рестрикции Код за отдаване Артикулен № Име на библиотеката - собственик Име на библиотеката, в която се намира в момента Статус (Текущо местоположение) Дата на вписване в системата Местоположение - отдел Цена в лева Инвентарен номер Систематично азбучна сигнатура Баркод Номер на екземпляра Цена в евро Служебна бележка Служебен тип на артикула
  Не е изгубен Universal Decimal Classification Не е повреден без рестрикции заемане за дома 135530 Регионална библиотека "Любен Каравелов" Русе Регионална библиотека "Любен Каравелов" Русе Заемна - подръчен фонд 2009-02-18 Заемна - подръчен фонд 10.00 120000733660 П 94(3)/Ц 80 120000733660 1 5.11 Дост: Pk Вид: Ф N: 298 Дата: 16.02.2009 Дата инв: 06.02.2018 Бележки инв: П2018 Книги
  Не е изгубен   Не е повреден без рестрикции ползва се в читалня 135531 Регионална библиотека "Любен Каравелов" Русе Регионална библиотека "Любен Каравелов" Русе Хранилище 2010-12-14 Хранилище 10.00 120000748202 Цб 242878 120000748202 2 5.11 Дост: Dp Вид: Д N: 16 Дата: 14.04.2010 Книги
Vip Innovations Ltd, Rousse, Bulgaria 2025